000
00423nam a2200145Ia 4500
008
090122s9999 xx 000 0 und d
082
_b
3539
_a
954
100
_a
नायक
_b
श्रीकांत
_c
विष्णू
245
_a
काश्मीर - 1947
600
_a
नायक
630
_a
काश्मीर - 1947
700
_a
नायक
730
_a
काश्मीर - 1947
942
_c
BOOK
999
_c
27617
_d
27617